[Event "165 Stay Safe Play From Home"]
[Site "T#646253Emanuel Laske"]
[Date "2020.05.22"]
[Round "5"]
[White "Don59as"]
[Black "Kongle"]
[Result "1-0"]
[WhiteElo "2084"]
[BlackElo "1814"]
[Annotator "NA RC"]
[PlyCount "75"]
[EventDate "2020.05.22"]
[EventType "swiss (blitz)"]

1. c4 {[%emt 0:00:03]} e5 {[%emt 0:00:03]} 2. Nc3 {[%emt 0:00:07]} Nc6 {[%emt 0:00:01]} 3. g3 {[%emt 0:00:01]} f5 {[%emt 0:00:01]} 4. Bg2 {[%emt 0:00:01]} Nf6 {[%emt 0:00:00]} 5. e3 {[%emt 0:00:01]} Bc5 {[%emt 0:00:01]} 6. Nge2 {[%emt 0:00:01]} d6 {[%emt 0:00:01]} 7. O-O {[%emt 0:00:01]} a6 {[%emt 0:00:01]} 8. b3 {[%emt 0:00:01]} O-O {[%emt 0:00:01]} 9. Bb2 {[%emt 0:00:01]} Qe8 {[%emt 0:00:01]} 10. d4 {[%emt 0:00:01]} Ba7 {[%emt 0:00:02]} 11. Nd5 {[%emt 0:00:01]} Nxd5 {[%emt 0:00:04]} 12. cxd5 {[%emt 0:00:00]} Ne7 {[%emt 0:00:01]} 13. dxe5 {[%emt 0:00:01]} dxe5 {[%emt 0:00:05]} 14. Bxe5 {[%emt 0:00:01]} Qh5 {[%emt 0:00:14]} 15. Bxc7 {[%emt 0:00:09]} Ng6 {[%emt 0:00:10]} 16. Nf4 {[%emt 0:00:08]} Nxf4 {[%emt 0:00:02]} 17. exf4 {[%emt 0:00:02]} Qg6 {[%emt 0:00:13]} 18. d6 {[%emt 0:00:09]} Bd7 {[%emt 0:00:05]} 19. Bxb7 {[%emt 0:00:02]} Rae8 {[%emt 0:00:04]} 20. Re1 {[%emt 0:00:08]} h5 {[%emt 0:00:02]} 21. Qf3 {[%emt 0:00:11]} h4 {[%emt 0:00:06]} 22. Kg2 {[%emt 0:00:06]} a5 {[%emt 0:00:20]} 23. Re7 {[%emt 0:00:10]} Rxe7 {[%emt 0:00:12]} 24. dxe7 {[%emt 0:00:01]} Re8 {[%emt 0:00:02]} 25. Re1 {[%emt 0:00:15]} Bc5 {[%emt 0:00:17]} 26. Qd5+ {[%emt 0:00:07]} Kh7 {[%emt 0:00:15]} 27. Qxc5 {[%emt 0:00:10]} h3+ {[%emt 0:00:22]} 28. Kxh3 {[%emt 0:00:08]} a4 {[%emt 0:00:15]} 29. Kg2 {[%emt 0:00:05]} axb3 {[%emt 0:00:02]} 30. axb3 {[%emt 0:00:00]} Qf6 {[%emt 0:00:05]} 31. Qe5 {[%emt 0:00:08]} Bc6+ {[%emt 0:00:05]} 32. Bxc6 {[%emt 0:00:03]} Qxc6+ {[%emt 0:00:02]} 33. Kg1 {[%emt 0:00:02]} g6 {[%emt 0:00:13]} 34. Qe6 {[%emt 0:00:10]} Qb5 {[%emt 0:00:11]} 35. Qf7+ {[%emt 0:00:06]} Kh6 {[%emt 0:00:01]} 36. Re6 {[%emt 0:00:14]} Rg8 {[%emt 0:00:33]} 37. Qxg8 {[%emt 0:00:07]} Qd5 {[%emt 0:00:02]} 38. Qxg6# {[%emt 0:00:02] (Lag: Av=0.60s, max=0.9s)} 1-0

[Event "165 Stay Safe Play From Home"]
[Site "T#646253Emanuel Laske"]
[Date "2020.05.22"]
[Round "5"]
[White "Haris kollari 13"]
[Black "matanant"]
[Result "1-0"]
[WhiteElo "1820"]
[BlackElo "1816"]
[Annotator "NA RC"]
[PlyCount "57"]
[EventDate "2020.05.22"]
[EventType "swiss (blitz)"]

1. e4 {[%emt 0:00:01]} e5 {[%emt 0:00:04]} 2. Nf3 {[%emt 0:00:01]} d5 {[%emt 0:00:02]} 3. exd5 {[%emt 0:00:02]} e4 {[%emt 0:00:01]} 4. Qe2 {[%emt 0:00:01]} Nf6 {[%emt 0:00:02]} 5. Nc3 {[%emt 0:00:04]} Be7 {[%emt 0:00:01]} 6. Nxe4 {[%emt 0:00:02]} O-O {[%emt 0:00:01]} 7. c4 {[%emt 0:00:09]} Re8 {[%emt 0:00:03]} 8. d3 {[%emt 0:00:04]} c6 {[%emt 0:00:08]} 9. dxc6 {[%emt 0:00:05]} Nxc6 {[%emt 0:00:02]} 10. Be3 {[%emt 0:00:01]} Bg4 {[%emt 0:00:02]} 11. O-O-O {[%emt 0:00:04]} Nxe4 {[%emt 0:00:08]} 12. dxe4 {[%emt 0:00:03]} Qa5 {[%emt 0:00:00]} 13. Kb1 {[%emt 0:00:07]} Rac8 {[%emt 0:00:11]} 14. Rd5 {[%emt 0:00:02]} Qa4 {[%emt 0:00:09]} 15. b3 {[%emt 0:00:09]} Qa6 {[%emt 0:00:12]} 16. Bd2 {[%emt 0:00:17]} Bb4 {[%emt 0:00:10]} 17. h3 {[%emt 0:00:22]} Bh5 {[%emt 0:00:04]} 18. Rxh5 {[%emt 0:00:11]} Bxd2 {[%emt 0:00:14]} 19. Qxd2 {[%emt 0:00:08]} Rxe4 {[%emt 0:00:08]} 20. Bd3 {[%emt 0:00:10]} Rd8 {[%emt 0:00:05]} 21. Rd5 {[%emt 0:00:13]} Ree8 {[%emt 0:00:12]} 22. Rd1 {[%emt 0:00:18]} Nb4 {[%emt 0:00:08]} 23. Rxd8 {[%emt 0:00:04]} Rxd8 {[%emt 0:00:03]} 24. Qxb4 {[%emt 0:00:07]} Qf6 {[%emt 0:00:05]} 25. Qd2 {[%emt 0:00:06]} h6 {[%emt 0:00:10]} 26. Bh7+ {[%emt 0:00:02]} Kxh7 {[%emt 0:00:03]} 27. Qxd8 {[%emt 0:00:01]} Qf5+ {[%emt 0:00:04]} 28. Qd3 {[%emt 0:00:01]} b5 {[%emt 0:00:06]} 29. Qxf5+ {[%emt 0:00:02] matanant resigns (Lag: Av=0.74s, max=1.8s)} 1-0

[Event "165 Stay Safe Play From Home"]
[Site "T#646253Emanuel Laske"]
[Date "2020.05.22"]
[Round "5"]
[White "Roefe Detlef"]
[Black "Dukic"]
[Result "0-1"]
[WhiteElo "1665"]
[BlackElo "1948"]
[Annotator "TA"]
[PlyCount "146"]
[EventDate "2020.05.22"]
[EventType "swiss (blitz)"]

{[%evp 9,145,4,29,5,18,22,35,37,39,38,60,60,41,27,36,29,58,35,44,43,75,-49,-49,-68,-73,-77,-66,-79,-78,-83,-79,-111,-94,-119,-119,-119,-111,-116,-102,-122,-129,-122,-124,-113,0,0,0,0,0,0,0,-83,-103,-178,-176,-182,-63,-186,0,-768,-750,-804,-791,-893,-825,-29998,-498,-370,-230,-370,-230,-230,-230,-230,-230,-370,-363,-356,-356,-29982,-29983,-29987,-29985,-29988,-29989,-29990,-29983,-29988,-29986,-29989,-29990,-29990,-29987,-29987,-29988,-29988,-29988,-29988,-29989,-29991,-29981,-29981,-29982,-29983,-29984,-29985,-29986,-29987,-29988,-29988,-29989,-29989,-29990,-29990,-29989,-29989,-29989,-29991,-29991,-29994,-29995,-29995,-29995,-29998,-29993,-29995,-29994,-29994,-29995,-29995,-29996,-29996,-29997,-29998,-29998,-29998,-29999,-29999]} 1. e4 c6 2. Nc3 d6 3. g3 Nd7 4. Bg2 e5 5. d3 Be7 6. Nge2 {B11: Caro-Kann: Two Knights Variation.} h5 7. h3 h4 8. g4 {White is slightly better.} g5 {[#]} 9. d4 $146 ({Predecessor:} 9. Be3 Nf8 10. d4 Qc7 11. Qd2 f6 12. f3 Nh6 13. O-O Ng6 14. b4 O-O 15. d5 {1-0 (60) Schwetje,J (2249)-Kaplan,H (2110) Bayern 2010}) 9... f6 10. O-O Nh6 11. Be3 Nf7 12. a4 a5 13. Qd2 O-O 14. b3 Kg7 15. dxe5 (15. Nd1 $16) 15... dxe5 $15 16. Rad1 Qc7 17. Nc1 b6 18. Nd3 Rd8 19. Qc1 Nh8 20. Ne2 Ng6 21. c4 Nc5 22. Nxc5 {Strongly threatening Rxd8.} Bxc5 23. Rxd8 Qxd8 24. Bxc5 bxc5 25. Rd1 Qe7 26. Qd2 Be6 ({Black should try} 26... Nf8 $17) 27. Qd6 $11 Qxd6 28. Rxd6 Kf7 29. Rxc6 {Threatens to win with Rc7+.} Rb8 30. Rxc5 (30. Nc1 $11 {keeps the balance.}) 30... Rxb3 $17 31. Rc7+ ({Avoid the trap} 31. Rxa5 $2 Bxc4 32. Bf1 Rb1 $1 $19 {[%mdl 512]}) (31. Bf1 $17 {was worth a try.}) 31... Ke8 $19 32. Bf1 Rb1 (32... Ra3 $1 $19 33. Kh2 Ra1) 33. Kg2 {[#]} (33. f3 $15) 33... Kd8 $2 ({Better is} 33... Ra1 $1 $19 34. f3 Ra2) 34. Ra7 $2 {[%mdl 8192]} (34. Rg7 $11 Nf4+ 35. Nxf4 exf4 36. f3) 34... Bxc4 35. Rxa5 Nf4+ 36. Nxf4 Bxf1+ 37. Kf3 gxf4 {[%mdl 4096] Endgame KRB-KR} (37... Rb3+ $142 38. Nd3 Rxd3#) 38. g5 Rb3+ 39. Kg4 Bxh3+ 40. Kxh4 fxg5+ 41. Kxg5 {[#]} Rf3 $1 42. Kf6 (42. Rd5+ {was the only chance.} Kc7 43. Rd2) 42... Rxf2 43. Kxe5 f3 44. Kd4 $2 (44. Ra8+ $19 Kd7 45. Ra7+ Kc6 46. Kf4) 44... Re2 {Black mates.} 45. Kd3 Re1 46. Ra8+ Ke7 47. Ra7+ Kf6 48. Ra6+ Ke5 49. Ra5+ Kf4 50. Ra7 Rd1+ 51. Kc2 Rd7 52. Ra8 Kxe4 53. Re8+ Kf4 54. Rf8+ Ke3 55. Re8+ Kf2 56. a5 Kg1 57. Rg8+ Bg2 58. Kc3 f2 59. Rf8 f1=Q 60. Rxf1+ Bxf1 61. Kb4 Kf2 62. Kc5 Ra7 63. Kb4 Ke3 64. Ka4 Kd4 65. Kb4 Ra6 66. Ka4 Kc5 67. Ka3 Rxa5+ 68. Kb2 Kd4 69. Kb3 Bc4+ 70. Kb4 Rb5+ {[%cal Ba5b5,Bb5b1,Bb1a1][%mdl 32]} 71. Ka4 Rb1 72. Ka3 Kc5 73. Ka4 Ra1# {Accuracy: White = 65%, Black = 80%.} 0-1

[Event "165 Stay Safe Play From Home"]
[Site "T#646253Emanuel Laske"]
[Date "2020.05.22"]
[Round "6"]
[White "Dukic"]
[Black "Lamborghini"]
[Result "0-1"]
[WhiteElo "1954"]
[BlackElo "2302"]
[Annotator "TA"]
[PlyCount "94"]
[EventDate "2020.05.22"]
[EventType "swiss (blitz)"]

{[%evp 9,94,0,6,-31,-9,-63,-58,-51,-52,-51,-58,-247,-140,-122,-142,-124,-84,-91,-90,-69,-77,-105,-86,-89,-91,-77,-42,-118,-103,-574,-167,-166,-159,-145,-109,-236,-138,-237,-143,-131,-175,-172,-94,-100,-56,-6039,-650,-705,-466,-490,-485,-462,-479,-477,-462,-642,-641,-704,-738,-5502,-640,-638,-635,-636,-629,-614,-605,-930,-852,-2220,-2217,-4133,-4133,-4132,-1557,-29966,-29967,-29973,-29974,-29974,-29973,-29975,-29976,-29975,-29975,-29984,-6095]} 1. c4 g6 2. Nc3 Bg7 3. d4 c5 4. Nf3 cxd4 5. Nxd4 Nc6 6. Be3 {A35: Symmetrical English: 2 Nc3 Nc6 3 Nf3.} Nf6 7. h3 ({White should try} 7. g3 $11) 7... O-O $15 8. g3 {Black is slightly better.} d5 9. Bg2 {[%cal Rc4d5]} Nxd4 10. Qxd4 $2 {[#]} (10. Bxd4 $15 dxc4 11. O-O) 10... Ne4 $146 ({Better is} 10... e5 $1 $19 {[%cal Re5d4][%mdl 512]} 11. Qxe5 Ne4) ({Predecessor:} 10... e5 11. Qxe5 Ne4 12. Qxd5 Nxc3 13. Qd2 Qxd2+ 14. Bxd2 Na4 15. O-O Nxb2 16. Rac1 Be6 17. Bxb7 {0-1 (42) Jina,T (1779)-Albaric,E (2097) Rotterdam 2015}) 11. Qd3 $17 Nxc3 12. bxc3 dxc4 13. Qxc4 Be6 14. Qb4 Rc8 15. Bd4 a5 16. Qb2 Bxd4 17. cxd4 Bd5 $36 {[%mdl 2048] Black has the initiative.} 18. e4 (18. Bxd5 $15 Qxd5 19. O-O) 18... Bc4 19. f4 $2 {[%mdl 8192]} (19. Rd1 $17) 19... b5 $2 (19... Bd3 {...Rc2 is the strong threat.} 20. d5 Rc2) 20. Kf2 $19 Qb6 21. Rhd1 Rfd8 22. a3 (22. Kg1 $17 {keeps fighting.}) 22... Rd7 (22... a4 $1 $19 23. Rd2 Bb3) 23. Rd2 (23. Bf3 $17 {was necessary.}) 23... Rcd8 24. Rad1 a4 {aiming for ...Bb3.} 25. Ke3 {[#]} h5 (25... e5 $1 $19 {[%mdl 512]} 26. fxe5 f6 27. exf6 Qxf6) 26. Rc1 $17 {Strongly threatening Rxc4!} Bb3 27. Rc3 $2 {[%mdl 8192]} (27. Qc3 $15) 27... b4 (27... Rxd4 $142 28. Ke2 Rxd2+ 29. Qxd2 Rxd2+ 30. Kxd2 Qf2+ 31. Kd3 Qxg2 32. Rc8+ Kg7) 28. Rcd3 Bc4 29. Qxb4 Qxb4 30. axb4 Bxd3 31. Rxd3 $19 {[%mdl 4096] Endgame KRR-KRB} Rb8 32. e5 Rxb4 33. Bc6 Ra7 34. d5 Rb3 (34... a3 $142 35. Rd1 a2) 35. Rxb3 axb3 {[%cal Ba4b3,Bb3b2][%mdl 32] KR-KB} 36. Kd3 b2 37. Kc2 Ra3 38. g4 h4 39. d6 exd6 40. exd6 Kf8 41. Kxb2 Rxh3 42. f5 g5 {Black mates.} 43. f6 Rd3 44. d7 Rd6 45. Kb3 h3 46. Kb4 h2 47. Kc5 {[#]} Rxd7 {Accuracy: White = 36%, Black = 55%.} (47... Rxc6+ $142 $1 {[%mdl 512]} 48. Kxc6 h1=Q+ 49. Kc7 Qc1+ 50. Kb6 Qb2+ 51. Kc5 Qxf6 52. Kb4 {[#]} Qd4+ $1 {[%mdl 512]} 53. Kb3 Ke7 54. d8=R Kxd8 55. Ka2 Qd2+ 56. Ka1 Kd7 57. Kb1 Kc6 58. Ka1 Kc5 59. Kb1 Kc4 60. Ka1 Kc3 61. Kb1 Qb2#) 0-1

[Event "165 Stay Safe Play From Home"]
[Site "T#646253Emanuel Laske"]
[Date "2020.05.22"]
[Round "6"]
[White "Tunca"]
[Black "Don59as"]
[Result "0-1"]
[WhiteElo "1821"]
[BlackElo "2090"]
[Annotator "NA RC"]
[PlyCount "36"]
[EventDate "2020.05.22"]
[EventType "swiss (blitz)"]

1. e4 {[%emt 0:00:01]} e5 {[%emt 0:00:02]} 2. f4 {[%emt 0:00:01]} d5 {[%emt 0:00:11]} 3. exd5 {[%emt 0:00:01]} e4 {[%emt 0:00:02]} 4. d3 {[%emt 0:00:07]} exd3 {[%emt 0:00:02]} 5. Bxd3 {[%emt 0:00:05]} Nf6 {[%emt 0:00:01]} 6. Nf3 {[%emt 0:00:04]} Bc5 {[%emt 0:00:01]} 7. Qe2+ {[%emt 0:00:09]} Be7 {[%emt 0:00:02]} 8. O-O {[%emt 0:00:03]} O-O {[%emt 0:00:01]} 9. Nc3 {[%emt 0:00:08]} Re8 {[%emt 0:00:01]} 10. Kh1 {[%emt 0:00:09]} Bc5 {[%emt 0:00:08]} 11. Ne5 {[%emt 0:00:29]} Nbd7 {[%emt 0:00:08]} 12. Qf3 {[%emt 0:00:14]} Nxe5 {[%emt 0:00:18]} 13. fxe5 {[%emt 0:00:00]} Rxe5 {[%emt 0:00:01]} 14. Bf4 {[%emt 0:00:13]} Bg4 {[%emt 0:00:14]} 15. Qg3 {[%emt 0:00:09]} Rh5 {[%emt 0:00:10]} 16. Be5 {[%emt 0:00:15]} Bd6 {[%emt 0:00:01]} 17. Bxd6 {[%emt 0:00:14]} Qxd6 {[%emt 0:00:01]} 18. Rf4 {[%emt 0:00:54]} g5 {[%emt 0:00:24] Time (Lag: Av=0.49s, max=0.7s) .} 0-1

[Event "165 Stay Safe Play From Home"]
[Site "T#646253Emanuel Laske"]
[Date "2020.05.22"]
[Round "6"]
[White "Kongle"]
[Black "Haris kollari 13"]
[Result "0-1"]
[WhiteElo "1808"]
[BlackElo "1837"]
[Annotator "NA RC"]
[PlyCount "158"]
[EventDate "2020.05.22"]
[EventType "swiss (blitz)"]

1. d4 {[%emt 0:00:02]} e6 {[%emt 0:00:01]} 2. c4 {[%emt 0:00:01]} b6 {[%emt 0:00:07]} 3. Nc3 {[%emt 0:00:01]} Bb7 {[%emt 0:00:01]} 4. Nf3 {[%emt 0:00:01]} Nf6 {[%emt 0:00:01]} 5. Bg5 {[%emt 0:00:03]} Be7 {[%emt 0:00:01]} 6. e3 {[%emt 0:00:02]} h6 {[%emt 0:00:02]} 7. Bh4 {[%emt 0:00:02]} c6 {[%emt 0:00:06]} 8. Bd3 {[%emt 0:00:01]} d5 {[%emt 0:00:03]} 9. h3 {[%emt 0:00:02]} Nbd7 {[%emt 0:00:09]} 10. O-O {[%emt 0:00:01]} O-O {[%emt 0:00:03]} 11. Bg3 {[%emt 0:00:01]} Re8 {[%emt 0:00:03]} 12. cxd5 {[%emt 0:00:03]} cxd5 {[%emt 0:00:02]} 13. Rc1 {[%emt 0:00:01]} Rc8 {[%emt 0:00:01]} 14. a3 {[%emt 0:00:03]} Nf8 {[%emt 0:00:06]} 15. Ne5 {[%emt 0:00:06]} Bd6 {[%emt 0:00:06]} 16. Nb5 {[%emt 0:00:05]} Bb8 {[%emt 0:00:03]} 17. Rxc8 {[%emt 0:00:03]} Qxc8 {[%emt 0:00:06]} 18. Qd2 {[%emt 0:00:11]} a6 {[%emt 0:00:09]} 19. Rc1 {[%emt 0:00:05]} Qd8 {[%emt 0:00:03]} 20. Nc3 {[%emt 0:00:30]} N6d7 {[%emt 0:00:05]} 21. b4 {[%emt 0:00:23]} Nxe5 {[%emt 0:00:05]} 22. dxe5 {[%emt 0:00:01]} Qd7 {[%emt 0:00:08]} 23. Ne2 {[%emt 0:00:05]} Rc8 {[%emt 0:00:03]} 24. Rxc8 {[%emt 0:00:08]} Qxc8 {[%emt 0:00:01]} 25. Nd4 {[%emt 0:00:06]} Nd7 {[%emt 0:00:03]} 26. f4 {[%emt 0:00:06]} b5 {[%emt 0:00:10]} 27. Bb1 {[%emt 0:00:02]} Nf8 {[%emt 0:00:13]} 28. h4 {[%emt 0:00:12]} Qc4 {[%emt 0:00:02]} 29. h5 {[%emt 0:00:22]} Ba7 {[%emt 0:00:02]} 30. Bf2 {[%emt 0:00:11]} Nd7 {[%emt 0:00:08]} 31. Qb2 {[%emt 0:00:01]} Nb6 {[%emt 0:00:10]} 32. Nb3 {[%emt 0:00:10]} Na4 {[%emt 0:00:05]} 33. Qc2 {[%emt 0:00:08]} Qxc2 {[%emt 0:00:03]} 34. Bxc2 {[%emt 0:00:01]} Kf8 {[%emt 0:00:02]} 35. f5 {[%emt 0:00:05]} Nb2 {[%emt 0:00:16]} 36. fxe6 {[%emt 0:00:02]} fxe6 {[%emt 0:00:01]} 37. Nc5 {[%emt 0:00:03]} Bc8 {[%emt 0:00:10]} 38. Bg6 {[%emt 0:00:05]} Nc4 {[%emt 0:00:03]} 39. Kf1 {[%emt 0:00:04]} Nxa3 {[%emt 0:00:05]} 40. e4 {[%emt 0:00:07]} Nc4 {[%emt 0:00:10]} 41. exd5 {[%emt 0:00:03]} exd5 {[%emt 0:00:01]} 42. e6 {[%emt 0:00:03]} Bb8 {[%emt 0:00:15]} 43. Nd7+ {[%emt 0:00:08]} Bxd7 {[%emt 0:00:10]} 44. exd7 {[%emt 0:00:01]} Bc7 {[%emt 0:00:16]} 45. Bc5+ {[%emt 0:00:08]} Kg8 {[%emt 0:00:02]} 46. Be7 {[%emt 0:00:01]} Ne3+ {[%emt 0:00:23]} 47. Kg1 {[%emt 0:00:06]} Ng4 {[%emt 0:00:02]} 48. d8=Q+ {[%emt 0:00:03]} Bxd8 {[%emt 0:00:01]} 49. Bxd8 {[%emt 0:00:01]} Ne5 {[%emt 0:00:01]} 50. Bc7 {[%emt 0:00:05]} Nc4 {[%emt 0:00:02]} 51. Bf5 {[%emt 0:00:03]} Kf7 {[%emt 0:00:01]} 52. Bh7 {[%emt 0:00:07]} Ke6 {[%emt 0:00:02]} 53. Kf2 {[%emt 0:00:01]} Kd7 {[%emt 0:00:01]} 54. Bf4 {[%emt 0:00:02]} Kc6 {[%emt 0:00:01]} 55. Bg8 {[%emt 0:00:02]} a5 {[%emt 0:00:02]} 56. bxa5 {[%emt 0:00:02]} Nxa5 {[%emt 0:00:01]} 57. Be5 {[%emt 0:00:01]} Nc4 {[%emt 0:00:01]} 58. Bxg7 {[%emt 0:00:01]} Nd6 {[%emt 0:00:02]} 59. Bxh6 {[%emt 0:00:01]} b4 {[%emt 0:00:01]} 60. Bg7 {[%emt 0:00:01]} b3 {[%emt 0:00:02]} 61. h6 {[%emt 0:00:01]} Nf5 {[%emt 0:00:01]} 62. Bb2 {[%emt 0:00:05]} Nxh6 {[%emt 0:00:03]} 63. Kf3 {[%emt 0:00:02]} Nxg8 {[%emt 0:00:02]} 64. g4 {[%emt 0:00:02]} Kc5 {[%emt 0:00:00]} 65. g5 {[%emt 0:00:03]} Ne7 {[%emt 0:00:01]} 66. Kf4 {[%emt 0:00:02]} Kc4 {[%emt 0:00:04]} 67. Ke5 {[%emt 0:00:01]} Ng6+ {[%emt 0:00:03]} 68. Kf6 {[%emt 0:00:01]} Nh4 {[%emt 0:00:02]} 69. g6 {[%emt 0:00:05]} Nxg6 {[%emt 0:00:02]} 70. Kxg6 {[%emt 0:00:01]} d4 {[%emt 0:00:00]} 71. Kf5 {[%emt 0:00:04]} d3 {[%emt 0:00:01]} 72. Bc1 {[%emt 0:00:07]} Kc3 {[%emt 0:00:01]} 73. Ke4 {[%emt 0:00:02]} d2 {[%emt 0:00:01]} 74. Bxd2+ {[%emt 0:00:01]} Kxd2 {[%emt 0:00:00]} 75. Kf5 {[%emt 0:00:02]} b2 {[%emt 0:00:00]} 76. Kg6 {[%emt 0:00:00]} b1=Q+ {[%emt 0:00:00]} 77. Kh6 {[%emt 0:00:00]} Qb5 {[%emt 0:00:01]} 78. Kg7 {[%emt 0:00:00]} Ke3 {[%emt 0:00:01]} 79. Kf7 {[%emt 0:00:01]} Kf4 {[%emt 0:00:01] Kongle resigns (Lag: Av=0.60s, max=1.0s)} 0-1

[Event "165 Stay Safe Play From Home"]
[Site "T#646253Emanuel Laske"]
[Date "2020.05.22"]
[Round "6"]
[White "Sadbat1122"]
[Black "Roefe Detlef"]
[Result "1-0"]
[WhiteElo "1794"]
[BlackElo "1659"]
[Annotator "NA RC"]
[PlyCount "124"]
[EventDate "2020.05.22"]
[EventType "swiss (blitz)"]

1. e4 {[%emt 0:00:02]} c5 {[%emt 0:00:01]} 2. Nf3 {[%emt 0:00:11]} Nc6 {[%emt 0:00:02]} 3. c3 {[%emt 0:00:02]} e6 {[%emt 0:00:02]} 4. d4 {[%emt 0:00:02]} d5 {[%emt 0:00:01]} 5. exd5 {[%emt 0:00:13]} exd5 {[%emt 0:00:02]} 6. dxc5 {[%emt 0:00:02]} Bxc5 {[%emt 0:00:01]} 7. Bb5 {[%emt 0:00:02]} Nf6 {[%emt 0:00:03]} 8. O-O {[%emt 0:00:05]} O-O {[%emt 0:00:03]} 9. Bxc6 {[%emt 0:00:02]} bxc6 {[%emt 0:00:02]} 10. Nd4 {[%emt 0:00:01]} Qc7 {[%emt 0:00:07]} 11. Bg5 {[%emt 0:00:13]} Ne4 {[%emt 0:00:05]} 12. Bh4 {[%emt 0:00:05]} Bd6 {[%emt 0:00:03]} 13. Bg3 {[%emt 0:00:02]} Nxg3 {[%emt 0:00:03]} 14. hxg3 {[%emt 0:00:02]} a6 {[%emt 0:00:01]} 15. Re1 {[%emt 0:00:03]} h6 {[%emt 0:00:05]} 16. Nd2 {[%emt 0:00:03]} c5 {[%emt 0:00:02]} 17. N4f3 {[%emt 0:00:04]} Bb7 {[%emt 0:00:03]} 18. Nb3 {[%emt 0:00:03]} Rfe8 {[%emt 0:00:03]} 19. Qc2 {[%emt 0:00:04]} a5 {[%emt 0:00:10]} 20. Rxe8+ {[%emt 0:00:05]} Rxe8 {[%emt 0:00:02]} 21. Re1 {[%emt 0:00:02]} Rxe1+ {[%emt 0:00:03]} 22. Nxe1 {[%emt 0:00:02]} a4 {[%emt 0:00:01]} 23. Nd2 {[%emt 0:00:04]} d4 {[%emt 0:00:08]} 24. Qxa4 {[%emt 0:00:06]} Qe7 {[%emt 0:00:14]} 25. Ndf3 {[%emt 0:00:09]} dxc3 {[%emt 0:00:18]} 26. bxc3 {[%emt 0:00:03]} g6 {[%emt 0:00:09]} 27. Qb3 {[%emt 0:00:13]} Kg7 {[%emt 0:00:03]} 28. c4 {[%emt 0:00:09]} Be4 {[%emt 0:00:20]} 29. Qc3+ {[%emt 0:00:03]} f6 {[%emt 0:00:06]} 30. a4 {[%emt 0:00:03]} Be5 {[%emt 0:00:17]} 31. Nxe5 {[%emt 0:00:02]} Qxe5 {[%emt 0:00:01]} 32. Qxe5 {[%emt 0:00:02]} fxe5 {[%emt 0:00:01]} 33. a5 {[%emt 0:00:05]} Kf6 {[%emt 0:00:03]} 34. f3 {[%emt 0:00:02]} Bb7 {[%emt 0:00:02]} 35. Nc2 {[%emt 0:00:04]} Ke6 {[%emt 0:00:05]} 36. Kf2 {[%emt 0:00:02]} Kd6 {[%emt 0:00:02]} 37. Ke3 {[%emt 0:00:02]} Ba6 {[%emt 0:00:04]} 38. Kd3 {[%emt 0:00:06]} h5 {[%emt 0:00:05]} 39. Ne3 {[%emt 0:00:03]} g5 {[%emt 0:00:05]} 40. Nf5+ {[%emt 0:00:05]} Kc6 {[%emt 0:00:13]} 41. Ng7 {[%emt 0:00:09]} h4 {[%emt 0:00:04]} 42. gxh4 {[%emt 0:00:03]} gxh4 {[%emt 0:00:01]} 43. Nf5 {[%emt 0:00:02]} h3 {[%emt 0:00:07]} 44. gxh3 {[%emt 0:00:02]} Kd7 {[%emt 0:00:03]} 45. h4 {[%emt 0:00:03]} Ke6 {[%emt 0:00:01]} 46. Ne3 {[%emt 0:00:02]} Kf6 {[%emt 0:00:16]} 47. Nd5+ {[%emt 0:00:03]} Kf5 {[%emt 0:00:02]} 48. Nc7 {[%emt 0:00:02]} Bb7 {[%emt 0:00:01]} 49. a6 {[%emt 0:00:02]} Bxf3 {[%emt 0:00:10]} 50. a7 {[%emt 0:00:02]} Bc6 {[%emt 0:00:01]} 51. a8=Q {[%emt 0:00:02]} Bxa8 {[%emt 0:00:04]} 52. Nxa8 {[%emt 0:00:01]} Kf4 {[%emt 0:00:02]} 53. Nc7 {[%emt 0:00:03]} e4+ {[%emt 0:00:01]} 54. Ke2 {[%emt 0:00:02]} Ke5 {[%emt 0:00:05]} 55. Ke3 {[%emt 0:00:02]} Kf5 {[%emt 0:00:01]} 56. h5 {[%emt 0:00:03]} Kg5 {[%emt 0:00:02]} 57. Kxe4 {[%emt 0:00:01]} Kh6 {[%emt 0:00:00]} 58. Kd5 {[%emt 0:00:01]} Kxh5 {[%emt 0:00:00]} 59. Kxc5 {[%emt 0:00:01]} Kg5 {[%emt 0:00:00]} 60. Kd6 {[%emt 0:00:01]} Kf6 {[%emt 0:00:00]} 61. c5 {[%emt 0:00:01]} Kf5 {[%emt 0:00:00]} 62. c6 {[%emt 0:00:01]} Ke4 {[%emt 0:00:00] Roefe Detlef gibt auf (Lag: Av=0.67s, max=1.2s)} 1-0